| 000 | 00349nam a2200145Ia 4500 | ||
|---|---|---|---|
| 008 | 150201s2006 xx 000 0 und d | ||
| 082 |
_a612.015 _bC06S |
||
| 100 | _aSINGH , S.P. | ||
| 245 | _aPRINCIPLES OF BIOCHEMISTRY FOR NURSING | ||
| 250 | _a1ST | ||
| 260 |
_bCBS _aDELHI _c2006 |
||
| 300 | _a327 | ||
| 650 | _aBIOCHEMISTRY | ||
| 942 |
_2ddc _cBK _04 |
||
| 999 |
_c1910 _d1910 |
||